| 000 | 01189nam a2200277 4500 | ||
|---|---|---|---|
| 001 | 0000020629 | ||
| 003 | CO-CtgCURN | ||
| 005 | 20250329191032.0 | ||
| 007 | ta | ||
| 008 | 160627s2002 000 0 eng d | ||
| 020 | _a9502014596 | ||
| 040 |
_aCO-CtgCURN _bspa _ccoctgcurn |
||
| 082 | 0 |
_a346.06 _bC764 |
|
| 245 | 0 | 0 |
_aContratos administrativos / _cdirector Ismael Farrando , prologo Agustin Gordillo. |
| 260 |
_aBuenos Aires : _bAbeledo-Perrot, _c2002. |
||
| 300 | _a694 p. | ||
| 336 | _2rdacontent | ||
| 337 |
_2rdamedia _asin mediacion _bn |
||
| 338 |
_2rdacarrier _avolumen _bnc |
||
| 505 | 8 | _aLa licitacion publica.--Introducción: regimen normativo de contrataciones del estado.--La licitacion y otros procedimientos de selección del cocontratante.--La licitacion publica.--Exepciones a la licitacion publica.--El ente o sujeto licitante.--Pliego de condiciones.--La oferta.--La preadjudicacion.--La adjudicacion.--Contratos Administrativos.--Control y entes reguladores | |
| 650 | 1 | 4 | _aContratos. |
| 700 | 1 | _aFarrando, Ismael, dir. | |
| 908 | _a160627 | ||
| 942 |
_cBK _h346.06 _iC764 _2ddc |
||
| 999 |
_c11822 _d11822 |
||